Score 0/13 Timer 03:00
1 Play Today
Clue 4-Letter Word % Correct
Gordon Ramsay's FOX reality show: ''____'s Kitchen''HELL
96.9%
Slogan in TV commercial for a computer: ''Dude, You're Getting a ____!''DELL
86.9%
Former daytime TV talk show host RickiLAKE
86.1%
Classic television game show: ''[Rung 01] [Rung 07] A [Rung 13]''►MAKE◄
81%
Gilligan was the ''first'' one on the S.S. MinnowMATE
80.6%
Classic television game show: ''[Rung 01] [Rung 07] A [Rung 13]''►LET'S◄
78%
Six of the ''Top 12'' contestants on ''American Idol'', usuallyMALE
77.9%
Classic television game show: ''[Rung 01] [Rung 07] A [Rung 13]''►DEAL◄
77.9%
SportsNet New York broadcasts their baseball games on televisionMETS
76.4%
Word repeated in Craig Ferguson's nighttime talk showLATE
76.2%
1960's TV show featuring Ernest Borgnine: ''Mc____'s Navy''HALE
74.9%
Original emcee of ''[Rung 01] [Rung 07] A [Rung 13]''HALL
72.3%
Accessories found in the ''Dharma & Greg'' episode ''Yoga and Boo Boo''MATS
71.1%

Today's Daily Dose

Remove Ads.
Support Sporcle.
Get the best of Sporcle when you Go Orange. This ad-free experience offers more features, more stats, and more fun while also helping to support Sporcle. Thank you for becoming a member.

You're not logged in!

Compare scores with friends on all Sporcle quizzes.
OR
Log In

Show Comments

Extras

Top Quizzes Today


Score Distribution

Your Account Isn't Verified!

In order to create a playlist on Sporcle, you need to verify the email address you used during registration. Go to your Sporcle Settings to finish the process.

Report this User

Report this user for behavior that violates our Community Guidelines.

Details: